The Cephalopoda. (Registro nro. 4024)

Detalles MARC
000 -CABECERA
Campo de control 00657nam a2200205 a 4500
005 - FECHA Y HORA DE LA ULTIMA TRANSACCION
Campo de control 20151107083807.0
008 - ELEMENTOS DE LONGITUD FIJA—INFORMACION GENERAL
Campo de control 140313b1975 is ||||| |||| 00| 0 eng d
040 ## - FUENTE DE CATALOGACIÓN
Agencia catalogadora original CO-BoIAVH
Agencia transcriptora CO-BoIAVH
041 ## - IDIOMA
Código de idioma para texto/pista de sonido o título separado Inglés
082 04 - NUMERO DE CLASIFICACION DECIMAL DEWEY
Número de clasificación 564.5
Número del ítem C47c
100 10 - ASIENTO PRINCIPAL--NOMBRE PERSONAL
Nombre personal Chun, Carl.
245 14 - MENCION DE TITULO
Título The Cephalopoda.
260 ## - PUBLICACION, DISTRIBUCION, ETC. (PIE DE IMPRENTA)
Lugar de publicación, distribución, etc. Jerusalen:
Nombre del editor, distribuidor, etc. Israel Program For Scientific Translations;
Fecha de publicación, distribución, etc. 1975.
300 ## - DESCRIPCION FISICA
Extensión 1 volúmen; 435 páginas.
Otros detalles físicos algunas ilstraciones a color;
Dimensiones 34 cm.
504 ## - NOTA DE BIBLIOGRAFIA, ETC.
Nota de bibliografía Bibliografía: p. 427-432, v. [1]<br/>
505 ## - NOTA DE CONTENIDO
Nota de contenido Part I : Oegopsida ; part II : Myopsida, Octopoda
650 16 - ASIENTO SECUNDARIO DE MATERIA - TERMINO TEMATICO
Término temático o nombre geográfico como elemento de entrada Cephalopoda
942 ## - ELEMENTOS ADICIONALES (KOHA)
Tipo de ítem Libro
Sistema de clasificación Dewey Decimal Classification
945 ## - PROCESAMIENTO LOCAL
AAAA-MM-DD - Fecha de ingreso o modificacion 2004-08-11
Existencias
Withdrawn status Lost status Sistema de Clasificación Damaged status No para préstamo Colección Inventariado Ubicación Permanente Ubicación actual Fecha de adquisición Fuente de Valor Total Checkouts Número topográfico Inventario / Código de Barras Date last seen Ejemplar Price effective from Forma de adquisición Tipo de material
    Dewey Decimal Classification     General Inventariado 2017 Sala Fabio Quevedo Sala Fabio Quevedo 11/08/2004 Instituto   LB-564.5 C47c 016389 04/12/2012 Ej. 1 04/12/2012   Libro